000 00459nam a2200181Ia 4500
001 5208
005 20260306145851.0
008 260306t2006||||xx |||||||||||||| ||spa||
041 _aESP
082 _a338.10985
_bT81
100 _aTrivelli, Carolina
_eAUT
245 0 _aPequeña agricultura comercial:
_bdinámica y retos en el Perú
260 _c2006
300 _a269 páginas :
_c21 cm.
650 _aGEN
654 _aCAN
942 _cLIB
_dJUS
_fJUS
_2ddc
_n
999 _c5208
_d5208